[Event "FRA-chT Top 12 (Women)"]
[Site "Montpellier"]
[Date "2012.01.21"]
[Round "?"]
[White "Esposito, Julie"]
[Black "Franc, Nathalie"]
[Result "1/2-1/2"]
[WhiteElo "1781"]
[BlackElo "2008"]
[PlyCount "72"]
[EventDate "2012.01.20"]
[EventType "team-match"]
[EventRounds "3"]
[EventCountry "FRA"]
[SourceTitle "EXT 2014"]
[Source "ChessBase"]
[SourceDate "2013.11.20"]
[SourceVersion "1"]
[SourceVersionDate "2013.11.20"]
[SourceQuality "1"]

1. d4 Nf6 2. c4 e6 3. Nc3 Bb4 4. Nf3 0-0 5. Bg5 d6 6. e3 Nbd7 7. Bd3 Re8 8. 0-0 Bxc3 9. bxc3 e5 10. Bc2 c6 11. Bxf6 Qxf6 12. Nd2 Qh6 13. Rb1 Nf6 14. h3 e4 15. Kh2 Rb8 16. Rb2 Bf5 17. Qb1 b6 18. a4 Re6 19. Bd1 c5 20. Rb5 Ng4+ 21. Bxg4 Bxg4 22. dxc5 dxc5 23. Rxc5 Rbe8 24. Rd5 Be2 25. Re1 Bd3 26. Qb4 Qf6 27. Kg1 Qh4 28. Rd6 h6 29. c5 bxc5 30. Qxc5 Rxd6 31. Qxd6 Re6 32. Qf4 Qxf4 33. exf4 f5 34. a5 Rc6 35. Rc1 Rc5 36. Nb3 Rb5 1/2-1/2

[Event "FRA-chT Poule Basse"]
[Site "Asnieres sur Seine"]
[Date "2006.05.05"]
[Round "9.9"]
[White "Franc, Nathalie"]
[Black "Delorme, Laurie"]
[Result "1-0"]
[WhiteElo "2036"]
[BlackElo "2064"]
[PlyCount "97"]
[EventDate "2006.05.03"]
[EventType "team-tourn"]
[EventRounds "4"]
[EventCountry "FRA"]
[SourceTitle "EXT 2007"]
[Source "ChessBase"]
[SourceDate "2006.11.23"]
[SourceVersion "1"]
[SourceVersionDate "2006.11.23"]
[SourceQuality "1"]
[WhiteTeam "Nancy"]
[BlackTeam "Creteil"]
[WhiteTeamCountry "FRA"]
[BlackTeamCountry "FRA"]

1. e4 e5 2. Nf3 Nc6 3. Bb5 a6 4. Ba4 Nf6 5. 0-0 Nxe4 6. Re1 Nc5 7. Bxc6 dxc6 8. Nxe5 Be7 9. d3 0-0 10. Nd2 Ne6 11. Nf1 c5 12. Ng3 Nd4 13. a4 Be6 14. Be3 Bf6 15. Bf4 b6 16. Ne4 Be7 17. h3 Bd5 18. Rc1 f6 19. Nc4 Ne6 20. Bd2 Qd7 21. Ne3 Bxe4 22. dxe4 Qxa4 23. Nf5 Rf7 24. Qg4 Kf8 25. Nh6 f5 26. exf5 Qxg4 27. hxg4 gxh6 28. Rxe6 h5 29. Bh6+ Ke8 30. Rce1 Kd7 31. gxh5 Rg8 32. f3 Bf6 33. c3 Bh4 34. Rd1+ Kc8 35. Re4 Be7 36. g4 Bd6 37. Kf2 b5 38. Be3 a5 39. Rd5 Be7 40. Bxc5 c6 41. Rde5 Bf6 42. Re6 Kd7 43. Rd6+ Kc7 44. Ree6 Bh4+ 45. Ke3 Be7 46. Rxc6+ Kd7 47. Bxe7 Rxe7 48. Rxe7+ Kxe7 49. Rb6 1-0

[Event "FRA-chT Poule Basse"]
[Site "Asnieres sur Seine"]
[Date "2006.05.05"]
[Round "11.6"]
[White "Franc, Nathalie"]
[Black "Giffard, Nicolas"]
[Result "0-1"]
[WhiteElo "2036"]
[BlackElo "2312"]
[PlyCount "80"]
[EventDate "2006.05.03"]
[EventType "team-tourn"]
[EventRounds "4"]
[EventCountry "FRA"]
[SourceTitle "EXT 2022"]
[Source "ChessBase"]
[SourceDate "2021.10.06"]
[SourceVersion "1"]
[SourceVersionDate "2021.10.06"]
[SourceQuality "1"]
[WhiteTeam "Nancy"]
[BlackTeam "Drancy"]
[WhiteTeamCountry "FRA"]
[BlackTeamCountry "FRA"]

1. e4 c6 2. d4 d5 3. e5 Bf5 4. Nf3 e6 5. Be2 Nd7 6. 0-0 Bg4 7. Re1 Ne7 8. Nbd2 Nf5 9. Nf1 Be7 10. h3 Bxf3 11. Bxf3 0-0 12. g4 Nh4 13. Bh1 f6 14. exf6 Rxf6 15. Bg5 Rf7 16. Bxe7 Qxe7 17. Qe2 Qf6 18. Rad1 Ng6 19. Rd2 Nf4 20. Qe3 Raf8 21. Qg3 g5 22. Nh2 Qh6 23. Re3 Nb6 24. b3 Nc8 25. Nf1 Rg7 26. Kh2 Qf6 27. Re1 Rg6 28. Bg2 Rh6 29. Ne3 Nd6 30. f3 Nb5 31. Red1 Nc3 32. Re1 Nb5 33. Red1 Nxd4 34. Qf2 Nxh3 35. Bxh3 Nxf3+ 36. Kg2 Rxh3 37. Kxh3 Qh6+ 38. Kg2 Qh2+ 39. Kf1 Nxd2+ 40. Rxd2 Rxf2+ 0-1

[Event "FRA-chT Top 16 GpB"]
[Site "France"]
[Date "2006.02.04"]
[Round "2.9"]
[White "Franc, Nathalie"]
[Black "Lallemand, Roza"]
[Result "0-1"]
[WhiteElo "2036"]
[BlackElo "2279"]
[PlyCount "84"]
[EventDate "2006.03.03"]
[EventType "team-tourn"]
[EventRounds "7"]
[EventCountry "FRA"]
[SourceTitle "EXT 2007"]
[Source "ChessBase"]
[SourceDate "2006.11.23"]
[SourceVersion "1"]
[SourceVersionDate "2006.11.23"]
[SourceQuality "1"]
[WhiteTeam "Nancy"]
[BlackTeam "Bischwiller"]
[WhiteTeamCountry "FRA"]
[BlackTeamCountry "FRA"]

1. e4 c5 2. Nf3 d6 3. d3 Nc6 4. Be2 g6 5. c3 Bg7 6. 0-0 Nf6 7. a3 0-0 8. Re1 e5 9. Bf1 Nh5 10. b4 b6 11. Bb2 f5 12. Nbd2 Kh8 13. b5 Ne7 14. d4 fxe4 15. Nxe4 d5 16. Ng3 Nxg3 17. hxg3 e4 18. Nd2 cxd4 19. cxd4 Nf5 20. g4 Nxd4 21. Rb1 Qf6 22. f3 exf3 23. Nxf3 Nxf3+ 24. gxf3 Qf7 25. Bxg7+ Qxg7 26. Bg2 Bb7 27. Rb4 g5 28. Qd4 Rae8 29. Rxe8 Rxe8 30. Kf2 Qxd4+ 31. Rxd4 Re7 32. a4 Kg7 33. Kg3 Kf6 34. f4 h6 35. Bf3 Rc7 36. Kf2 Ke6 37. Kg3 Kd6 38. Kf2 Rc2+ 39. Ke3 Rc3+ 40. Ke2 Kc5 41. Rd1 gxf4 42. Rh1 Re3+ 0-1

[Event "FRA-chT Top 16 GP Basse"]
[Site "Port Barcares"]
[Date "2005.05.06"]
[Round "10"]
[White "Lallemand, Roza"]
[Black "Franc, Nathalie"]
[Result "1-0"]
[WhiteElo "2303"]
[BlackElo "2067"]
[PlyCount "71"]
[EventDate "2005.05.04"]
[EventType "team-tourn"]
[EventRounds "4"]
[EventCountry "FRA"]
[SourceTitle "EXT 2006"]
[Source "ChessBase"]
[SourceDate "2005.11.24"]
[SourceVersion "1"]
[SourceVersionDate "2005.11.24"]
[SourceQuality "1"]
[WhiteTeam "Monaco"]
[BlackTeam "Nancy"]
[WhiteTeamCountry "MNC"]
[BlackTeamCountry "FRA"]

1. e4 d6 2. d4 Nf6 3. Nc3 Nbd7 4. f4 e5 5. Nf3 exd4 6. Nxd4 g6 7. Be2 c6 8. 0-0 Bg7 9. Kh1 Qc7 10. Ndb5 cxb5 11. Nxb5 Qb6 12. Nxd6+ Ke7 13. e5 Ne8 14. Nc4 Qc6 15. b3 Kf8 16. Bf3 Qc7 17. Ne3 Kg8 18. Nd5 Qd8 19. Ba3 Bf8 20. Bb2 Bg7 21. Qe1 Nb6 22. c4 h5 23. Rd1 Nxd5 24. cxd5 Bg4 25. d6 Bxf3 26. Rxf3 Qd7 27. Qe4 Rd8 28. Bd4 b6 29. f5 gxf5 30. Rxf5 Rh7 31. Rdf1 Nxd6 32. exd6 Bxd4 33. Qxd4 Qxd6 34. Qe4 Qg6 35. Qe7 Rd6 36. Rg5 1-0

[Event "FRA-chT Top 16 GP Basse"]
[Site "Port Barcares"]
[Date "2005.05.05"]
[Round "9"]
[White "Franc, Nathalie"]
[Black "Marchadour, Claire"]
[Result "1/2-1/2"]
[WhiteElo "2067"]
[BlackElo "2043"]
[PlyCount "99"]
[EventDate "2005.05.04"]
[EventType "team-tourn"]
[EventRounds "4"]
[EventCountry "FRA"]
[SourceTitle "EXT 2006"]
[Source "ChessBase"]
[SourceDate "2005.11.24"]
[SourceVersion "1"]
[SourceVersionDate "2005.11.24"]
[SourceQuality "1"]
[WhiteTeam "Nancy"]
[BlackTeam "Vandoeuvre"]
[WhiteTeamCountry "FRA"]
[BlackTeamCountry "FRA"]

1. e4 c5 2. Nf3 Nc6 3. d4 cxd4 4. Nxd4 Nf6 5. Nc3 e5 6. Ndb5 d6 7. Na3 Be6 8. Bg5 Rc8 9. Nc4 Nd4 10. Bxf6 gxf6 11. Ne3 Qa5 12. Bd3 Qb4 13. 0-0 Qxb2 14. Ned5 Bxd5 15. Nxd5 b6 16. Nxf6+ Kd8 17. Qg4 Ne6 18. a4 Be7 19. Qf5 Rc5 20. Nd5 Rf8 21. Qxh7 Nf4 22. Nxf4 exf4 23. Rfb1 Qf6 24. Qh3 Rh8 25. Qf3 Rhh5 26. h3 Qg7 27. Kh2 Bf6 28. Ra3 Rcg5 29. Rab3 Be5 30. Rg1 Rh6 31. Rb5 Rhg6 32. Bf1 Bd4 33. Rxg5 Rxg5 34. Bb5 Qe5 35. Rf1 Qc5 36. Qe2 Be5 37. Kg1 Qc3 38. Qd3 Qc7 39. Qc4 Qxc4 40. Bxc4 f3 41. g3 Bd4 42. Kh2 Ke7 43. h4 Rc5 44. Bb3 Re5 45. g4 Rxe4 46. Kg3 Be5+ 47. Kxf3 Rf4+ 48. Ke3 Rxg4 49. Rh1 Bf6 50. h5 1/2-1/2

[Event "FRA-chT Top 16 GpA"]
[Site "Noyon"]
[Date "2005.04.01"]
[Round "5"]
[White "Heinz, Timothee"]
[Black "Franc, Nathalie"]
[Result "1-0"]
[WhiteElo "2198"]
[BlackElo "2067"]
[PlyCount "79"]
[EventDate "2005.03.31"]
[EventType "team-tourn"]
[EventRounds "7"]
[EventCountry "FRA"]
[SourceTitle "CBM 105 Extra"]
[Source "ChessBase"]
[SourceDate "2005.05.01"]
[SourceVersion "1"]
[SourceVersionDate "2005.05.01"]
[SourceQuality "1"]
[WhiteTeam "Bischwiller"]
[BlackTeam "Nancy"]
[WhiteTeamCountry "FRA"]
[BlackTeamCountry "FRA"]

1. e4 e5 2. Nf3 d6 3. d4 Qe7 4. Nc3 c6 5. dxe5 dxe5 6. Bc4 Bg4 7. Bg5 Nf6 8. h3 Bh5 9. Qe2 h6 10. Bh4 Nbd7 11. g4 Bg6 12. 0-0-0 Nc5 13. Bg3 Nfd7 14. Nh4 Nb6 15. Nxg6 fxg6 16. a3 Nxc4 17. Qxc4 Qf6 18. Rd2 Be7 19. Kb1 a5 20. Rhd1 b5 21. Qa2 Rd8 22. Rxd8+ Bxd8 23. b4 Nb7 24. Ne2 Bc7 25. Qb3 Ke7 26. Qc3 a4 27. Nc1 Rd8 28. Rxd8 Nxd8 29. Nd3 Nf7 30. Qc5+ Qd6 31. Qe3 Qf6 32. Qa7 Qd6 33. f4 Ke6 34. fxe5 Qd8 35. Qc5 Nxe5 36. Bxe5 Bxe5 37. Qxe5+ Kf7 38. Qc5 Qf6 39. Qxc6 Qf1+ 40. Kb2 1-0

[Event "FRA-chT Poule Basse"]
[Site "Belfort"]
[Date "2004.05.09"]
[Round "9"]
[White "Klipper, Rebecca"]
[Black "Franc, Nathalie"]
[Result "1-0"]
[WhiteElo "2067"]
[BlackElo "2086"]
[PlyCount "83"]
[EventDate "2004.05.08"]
[EventType "team-tourn"]
[EventRounds "4"]
[EventCountry "FRA"]
[SourceTitle "EXT 2005"]
[Source "ChessBase"]
[SourceDate "2004.11.15"]
[SourceVersion "1"]
[SourceVersionDate "2004.11.15"]
[SourceQuality "1"]
[WhiteTeam "Vandoeuvre"]
[BlackTeam "Nancy"]
[WhiteTeamCountry "FRA"]
[BlackTeamCountry "FRA"]

1. d4 d5 2. Nf3 Nf6 3. c3 Bf5 4. Bf4 e6 5. e3 Bd6 6. Bxd6 Qxd6 7. Qb3 Nbd7 8. Nbd2 0-0 9. Be2 h6 10. 0-0 Ne4 11. c4 Ndf6 12. Nxe4 Nxe4 13. Rfc1 c6 14. cxd5 cxd5 15. Ne5 Qe7 16. Nd3 Rfc8 17. Qb5 b6 18. Nb4 Qh4 19. g3 Qh3 20. Nc6 Kh7 21. Ne7 Rxc1+ 22. Rxc1 Nd2 23. Nxf5 Qxf5 24. Qd3 Ne4 25. f3 Nd6 26. Rc6 Qxd3 27. Bxd3+ Nf5 28. g4 g6 29. gxf5 gxf5 30. Rc7 Kg6 31. Kf2 Kf6 32. Ba6 Kg6 33. Rc8 Rxc8 34. Bxc8 Kg5 35. Kg3 Kg6 36. h3 Kg5 37. h4+ Kg6 38. Bd7 Kf6 39. Kf4 Ke7 40. Bb5 Kd6 41. Bd3 h5 42. Bxf5 1-0

[Event "FRA-chT Gp-A"]
[Site "France"]
[Date "2004.02.01"]
[Round "3"]
[White "Fruteau, Sabine"]
[Black "Franc, Nathalie"]
[Result "1-0"]
[WhiteElo "2120"]
[BlackElo "2086"]
[PlyCount "69"]
[EventDate "2004.01.30"]
[EventType "team"]
[EventRounds "7"]
[EventCountry "FRA"]
[SourceTitle "CBM 098 Extra"]
[Source "ChessBase"]
[SourceDate "2004.03.10"]
[SourceVersion "2"]
[SourceVersionDate "2004.03.10"]
[SourceQuality "1"]
[WhiteTeam "Orange"]
[BlackTeam "Nancy"]
[WhiteTeamCountry "FRA"]
[BlackTeamCountry "FRA"]

1. e4 e5 2. Nf3 Nc6 3. Bb5 a6 4. Ba4 Nf6 5. d4 b5 6. Bb3 Nxe4 7. dxe5 Nc5 8. Nc3 Nxb3 9. axb3 Bb7 10. 0-0 Be7 11. Nd5 0-0 12. Re1 Re8 13. Bf4 Nb4 14. c4 Nxd5 15. cxd5 Bb4 16. Re4 a5 17. Qd3 Rb8 18. Bg5 Be7 19. Bxe7 Qxe7 20. Rxa5 Qc5 21. Rxb5 Qc1+ 22. Re1 Qxb2 23. Rb1 Qa3 24. Ng5 g6 25. Qh3 h5 26. e6 dxe6 27. dxe6 f6 28. Qd3 Kg7 29. Qc3 Qd6 30. Re1 Qc6 31. Qxc6 Bxc6 32. Rc5 fxg5 33. Rxc6 Rxb3 34. Rxc7+ Kf6 35. Rf7# 1-0

[Event "FRA-chT Poule Basse"]
[Site "France"]
[Date "2003.05.09"]
[Round "10.9"]
[White "Joanovits, Marion"]
[Black "Franc, Nathalie"]
[Result "1/2-1/2"]
[WhiteElo "2065"]
[BlackElo "2098"]
[PlyCount "108"]
[EventDate "2003.05.07"]
[EventType "team-tourn"]
[EventRounds "4"]
[EventCountry "FRA"]
[SourceTitle "CBM 095"]
[Source "ChessBase"]
[SourceDate "2003.07.25"]
[SourceVersion "1"]
[SourceVersionDate "2003.07.25"]
[SourceQuality "1"]
[WhiteTeam "Drancy"]
[BlackTeam "Nancy"]
[WhiteTeamCountry "FRA"]
[BlackTeamCountry "FRA"]

1. e4 d6 2. d4 Nf6 3. Nc3 Nbd7 4. Nf3 e5 5. Be2 Be7 6. 0-0 0-0 7. h3 c6 8. a4 b6 9. Be3 a6 10. Bd3 Bb7 11. Qe2 b5 12. axb5 axb5 13. dxe5 Nxe5 14. Nxe5 dxe5 15. Bg5 h6 16. Bd2 Qc7 17. Rxa8 Rxa8 18. f4 Bd6 19. fxe5 Bxe5 20. Kh1 b4 21. Nd1 c5 22. b3 Qc6 23. Rf5 Qd6 24. Rf1 Re8 25. Nf2 Bg3 26. Qf3 Re7 27. Re1 Bxf2 28. Qxf2 Nxe4 29. Bxe4 Rxe4 30. Rxe4 Bxe4 31. Be3 Qd1+ 32. Kh2 c4 33. bxc4 Qxc2 34. Qxc2 Bxc2 35. Kg3 b3 36. Bd4 Be4 37. Kf2 f5 38. h4 g5 39. hxg5 hxg5 40. g3 Kf7 41. Ke3 g4 42. Kd2 Ke6 43. Kc3 Bc2 44. Be3 Kd6 45. Bf4+ Kc6 46. Be5 Kb6 47. Bd6 Ka5 48. Kb2 Ka4 49. c5 Be4 50. Be5 Kb4 51. Bd6 Bd5 52. c6+ Kc4 53. c7 Bb7 54. Be5 Bc8 1/2-1/2

[Event "FRA-chT Gp-B"]
[Site "France"]
[Date "2003.02.02"]
[Round "3.9"]
[White "Milliet, Sophie"]
[Black "Franc, Nathalie"]
[Result "1-0"]
[WhiteElo "2231"]
[BlackElo "2098"]
[PlyCount "69"]
[EventDate "2003.01.31"]
[EventType "team"]
[EventRounds "7"]
[EventCountry "FRA"]
[SourceTitle "CBM 094"]
[Source "ChessBase"]
[SourceDate "2003.05.26"]
[SourceVersion "1"]
[SourceVersionDate "2003.05.26"]
[SourceQuality "1"]
[WhiteTeam "Bischwiller"]
[BlackTeam "Nancy"]
[WhiteTeamCountry "FRA"]
[BlackTeamCountry "FRA"]

1. e4 c5 2. d3 e6 3. g3 d5 4. Nd2 Nc6 5. Bg2 Be7 6. Ngf3 Nf6 7. 0-0 0-0 8. Re1 Qc7 9. e5 Nd7 10. Qe2 Nb4 11. Nf1 b6 12. c3 Nc6 13. h4 Ba6 14. Bf4 Rfe8 15. h5 Rac8 16. N1h2 d4 17. c4 b5 18. b3 bxc4 19. bxc4 Qa5 20. Nd2 Qa3 21. Ng4 Nb4 22. Nb3 Rb8 23. h6 g6 24. Qd2 Bf8 25. Bg5 Bb7 26. Rad1 Bxg2 27. Kxg2 Qa6 28. Qf4 Qb7+ 29. Kh2 Rbc8 30. Rh1 Qc7 31. Bf6 Nxa2 32. Ra1 Nc3 33. Rhe1 Qb8 34. Nd2 Qb2 35. Rxa7 1-0

[Event "FRA-chT Gp-B"]
[Site "France"]
[Date "2003.01.31"]
[Round "1.9"]
[White "Franc, Nathalie"]
[Black "Moingt, Anne"]
[Result "0-1"]
[WhiteElo "2098"]
[BlackElo "2217"]
[PlyCount "47"]
[EventDate "2003.01.31"]
[EventType "team"]
[EventRounds "7"]
[EventCountry "FRA"]
[SourceTitle "CBM 094"]
[Source "ChessBase"]
[SourceDate "2003.05.26"]
[SourceVersion "1"]
[SourceVersionDate "2003.05.26"]
[SourceQuality "1"]
[WhiteTeam "Nancy"]
[BlackTeam "Mulhouse"]
[WhiteTeamCountry "FRA"]
[BlackTeamCountry "FRA"]

1. c4 e5 2. Nc3 Nc6 3. Nf3 Nf6 4. a3 d5 5. cxd5 Nxd5 6. e3 Nb6 7. Bb5 Bd6 8. Qc2 0-0 9. b4 a5 10. Bxc6 bxc6 11. b5 cxb5 12. Nxb5 Bb7 13. Bb2 Qe7 14. Rc1 Nd5 15. h4 Rab8 16. Ng5 f5 17. Qc4 Kh8 18. Qc2 Qd7 19. Nxd6 cxd6 20. Qd3 Nf6 21. 0-0 h6 22. Nh3 Be4 23. Qc3 Rfc8 24. Qxa5 0-1

[Event "FRA-chT1"]
[Site "France"]
[Date "2002.??.??"]
[Round "6.9"]
[White "De Sousa, Jose Claude"]
[Black "Franc, Nathalie"]
[Result "1/2-1/2"]
[WhiteElo "2274"]
[BlackElo "2078"]
[PlyCount "74"]
[EventDate "2002.02.??"]
[EventType "team"]
[EventRounds "11"]
[EventCountry "FRA"]
[SourceTitle "EXT 2003"]
[Source "ChessBase"]
[SourceDate "2002.11.25"]
[SourceVersion "1"]
[SourceVersionDate "2002.11.25"]
[SourceQuality "1"]
[WhiteTeam "Paris NAO"]
[BlackTeam "Nancy"]
[WhiteTeamCountry "FRA"]
[BlackTeamCountry "FRA"]

1. e4 d6 2. d4 Nf6 3. Nc3 Nbd7 4. Nf3 e5 5. Bc4 Be7 6. 0-0 0-0 7. Re1 c6 8. a4 b6 9. d5 cxd5 10. Nxd5 Bb7 11. Nxf6+ Nxf6 12. Qd3 d5 13. Ba6 Bxa6 14. Qxa6 dxe4 15. Nxe5 Qc7 16. Nc4 Ng4 17. g3 Bc5 18. Be3 Bxe3 19. Nxe3 Nxe3 20. Rxe3 Qxc2 21. Qe2 Qxe2 22. Rxe2 f5 23. Rc1 Rac8 24. Rec2 Rxc2 25. Rxc2 g6 26. h4 Kg7 27. a5 bxa5 28. Rc5 Rf7 29. Rxa5 Kf6 30. Kf1 Rb7 31. Ke1 Rd7 32. Ke2 Ke6 33. Ke1 Rb7 34. Kf1 Rd7 35. Ke2 Rb7 36. Kf1 Kd6 37. h5 Rxb2 1/2-1/2

[Event "FRA-chT1"]
[Site "France"]
[Date "2002.??.??"]
[Round "8.9"]
[White "Franc, Nathalie"]
[Black "Marchadour, Claire"]
[Result "1-0"]
[WhiteElo "2078"]
[BlackElo "2127"]
[PlyCount "85"]
[EventDate "2002.02.??"]
[EventType "team"]
[EventRounds "11"]
[EventCountry "FRA"]
[SourceTitle "EXT 2003"]
[Source "ChessBase"]
[SourceDate "2002.11.25"]
[SourceVersion "1"]
[SourceVersionDate "2002.11.25"]
[SourceQuality "1"]
[WhiteTeam "Nancy"]
[BlackTeam "Sautron"]
[WhiteTeamCountry "FRA"]
[BlackTeamCountry "FRA"]

1. e4 c5 2. Nf3 Nc6 3. d4 cxd4 4. Nxd4 Nf6 5. Nc3 e5 6. Ndb5 d6 7. Bg5 a6 8. Na3 b5 9. Nd5 Be7 10. Bxf6 Bxf6 11. c3 0-0 12. Nc2 Bg5 13. h4 Bh6 14. g4 g6 15. g5 Bg7 16. Nce3 Be6 17. Ng4 Bxd5 18. Qxd5 Ne7 19. Qd3 b4 20. cxb4 Nc6 21. a3 Nd4 22. Bh3 f5 23. gxf6 Bxf6 24. h5 Bg5 25. hxg6 hxg6 26. Bg2 Rc8 27. Qh3 Nc2+ 28. Kd1 Bh4 29. Rc1 Nd4 30. Rxc8 Qxc8 31. Nh6+ Kg7 32. Qxc8 Rxc8 33. Rxh4 Rh8 34. Rh3 Rxh6 35. Rxh6 Kxh6 36. Bf1 Ne6 37. Bxa6 Kg5 38. Bc4 Nc7 39. b5 Na8 40. a4 Nb6 41. b3 Kf6 42. a5 Nd7 43. a6 1-0

[Event "FRA-ch (Women)"]
[Site "Marseille"]
[Date "2001.08.17"]
[Round "5"]
[White "Marchadour, Claire"]
[Black "Franc, Nathalie"]
[Result "1/2-1/2"]
[WhiteElo "2128"]
[BlackElo "2103"]
[PlyCount "60"]
[EventDate "2001.08.13"]
[EventType "tourn"]
[EventRounds "11"]
[EventCountry "FRA"]
[SourceTitle "CBM 083 Extra"]
[Source "ChessBase"]
[SourceDate "2001.09.11"]
[SourceVersion "1"]
[SourceVersionDate "2001.09.11"]
[SourceQuality "1"]

1. e4 d6 2. d4 Nf6 3. Nc3 Nbd7 4. Nf3 e5 5. Bc4 Be7 6. 0-0 0-0 7. Qe2 c6 8. a4 b6 9. h3 a6 10. Ba2 Rb8 11. Rd1 Qc7 12. Be3 b5 13. axb5 axb5 14. Nd2 exd4 15. Bxd4 Re8 16. f3 Nh5 17. Qf2 Bf6 18. Ne2 Bxd4 19. Nxd4 Nc5 20. Nf1 Nf4 21. Ne2 Nxe2+ 22. Qxe2 Na4 23. c3 d5 24. Bb3 Nc5 25. Ba2 dxe4 26. fxe4 Nxe4 27. Qf3 Qb6+ 28. Kh2 Qc7+ 29. Kg1 Qb6+ 30. Kh1 Qd8 1/2-1/2

[Event "Martinez op-A"]
[Site "Cannes"]
[Date "2000.08.06"]
[Round "9"]
[White "Franc, Nathalie"]
[Black "Marzano, Carlo"]
[Result "1/2-1/2"]
[WhiteElo "2067"]
[BlackElo "2236"]
[PlyCount "25"]
[EventDate "2000.07.29"]
[EventType "swiss"]
[EventRounds "9"]
[EventCountry "FRA"]
[SourceTitle "EXT 2001"]
[Source "ChessBase"]
[SourceDate "2000.11.22"]
[SourceVersion "1"]
[SourceVersionDate "2000.11.22"]
[SourceQuality "1"]

1. e4 Nc6 2. Nf3 d6 3. d4 Nf6 4. Nc3 Bg4 5. Be2 e5 6. dxe5 dxe5 7. Qxd8+ Rxd8 8. Bb5 Bd7 9. Bg5 Bb4 10. 0-0-0 Bxc3 11. bxc3 h6 12. Bh4 0-0 13. Rhe1 1/2-1/2

[Event "Martinez op-A"]
[Site "Cannes"]
[Date "2000.08.05"]
[Round "8"]
[White "Sorin, Maxime"]
[Black "Franc, Nathalie"]
[Result "1-0"]
[WhiteElo "2294"]
[BlackElo "2067"]
[PlyCount "57"]
[EventDate "2000.07.29"]
[EventType "swiss"]
[EventRounds "9"]
[EventCountry "FRA"]
[SourceTitle "EXT 2001"]
[Source "ChessBase"]
[SourceDate "2000.11.22"]
[SourceVersion "1"]
[SourceVersionDate "2000.11.22"]
[SourceQuality "1"]

1. e4 e5 2. Nf3 Nc6 3. d4 exd4 4. Nxd4 Nf6 5. Nxc6 bxc6 6. Bd3 d5 7. e5 Ng4 8. 0-0 Qh4 9. h3 h5 10. Nd2 Bc5 11. Qe2 Qg3 12. Nf3 Nxf2 13. Rxf2 Bxf2+ 14. Qxf2 Qxf2+ 15. Kxf2 Bd7 16. Be3 a5 17. a4 Bc8 18. Nd4 Bb7 19. Nb3 0-0 20. Nc5 Bc8 21. Bd4 Re8 22. Kg3 Rb8 23. b3 Be6 24. Rf1 Red8 25. Rf4 Re8 26. Kh4 g6 27. Kg5 Kg7 28. Rf6 Bc8 29. e6 1-0

[Event "Martinez op-A"]
[Site "Cannes"]
[Date "2000.08.04"]
[Round "7"]
[White "Franc, Nathalie"]
[Black "Kluss, Kai"]
[Result "1-0"]
[WhiteElo "2067"]
[BlackElo "2227"]
[PlyCount "93"]
[EventDate "2000.07.29"]
[EventType "swiss"]
[EventRounds "9"]
[EventCountry "FRA"]
[SourceTitle "EXT 2001"]
[Source "ChessBase"]
[SourceDate "2000.11.22"]
[SourceVersion "1"]
[SourceVersionDate "2000.11.22"]
[SourceQuality "1"]

1. e4 c5 2. Nf3 Nc6 3. d4 cxd4 4. Nxd4 Nf6 5. Nc3 d6 6. Bg5 Qa5 7. Bxf6 gxf6 8. Nb3 Qc7 9. Nd5 Qd8 10. Qh5 e6 11. Ne3 Qb6 12. 0-0-0 a6 13. Ng4 Be7 14. Qh6 Qd8 15. Qg7 Rf8 16. Nh6 f5 17. exf5 Bf6 18. Qxh7 Ne5 19. fxe6 fxe6 20. f4 Rh8 21. Qe4 Rxh6 22. fxe5 Bxe5 23. h4 Qc7 24. Qg4 Ke7 25. Bd3 Bd7 26. Rhf1 Rah8 27. Qg5+ Ke8 28. Bg6+ Rxg6 29. Qxg6+ Kd8 30. Qg5+ Kc8 31. Rf7 Kb8 32. Rxd7 Bxb2+ 33. Kxb2 Qxd7 34. Qf4 Rd8 35. h5 Qg7+ 36. Kb1 e5 37. Qf3 Qc7 38. h6 a5 39. Qd3 a4 40. Nd2 d5 41. h7 Qg7 42. Rh1 Qh8 43. Ne4 Ka7 44. Ng5 Rd6 45. Nf7 Rb6+ 46. Kc1 Qf6 47. Rf1 1-0

[Event "Martinez op-A"]
[Site "Cannes"]
[Date "2000.08.03"]
[Round "6"]
[White "Govciyan, Pavel"]
[Black "Franc, Nathalie"]
[Result "0-1"]
[WhiteElo "2175"]
[BlackElo "2067"]
[PlyCount "112"]
[EventDate "2000.07.29"]
[EventType "swiss"]
[EventRounds "9"]
[EventCountry "FRA"]
[SourceTitle "EXT 2001"]
[Source "ChessBase"]
[SourceDate "2000.11.22"]
[SourceVersion "1"]
[SourceVersionDate "2000.11.22"]
[SourceQuality "1"]

1. d4 Nf6 2. c4 e6 3. g3 Bb4+ 4. Bd2 Qe7 5. Bg2 Nc6 6. a3 Bxd2+ 7. Qxd2 d6 8. Nc3 e5 9. Nb5 exd4 10. Nxd4 Nxd4 11. Qxd4 0-0 12. e3 Qe5 13. Ne2 Re8 14. Rc1 Nd7 15. 0-0 a5 16. Rfd1 a4 17. c5 Nxc5 18. Qxe5 Rxe5 19. Nf4 Bf5 20. Nd5 Rc8 21. Rc3 Kf8 22. Rd4 f6 23. g4 Bg6 24. Nf4 b6 25. Bc6 Be8 26. Bf3 Bb5 27. Rb4 Bd7 28. h3 Be8 29. Rd4 Bd7 30. Bd1 Be8 31. Bc2 Kg8 32. Nd5 Bc6 33. Nb4 Bd7 34. f4 Ree8 35. Nd3 Rxe3 36. Nxc5 Rxc3 37. bxc3 bxc5 38. Re4 Re8 39. Rxe8+ Bxe8 40. Kf2 h6 41. Be4 Kf7 42. Bd5+ Ke7 43. Ke3 Bf7 44. Bc6 Bb3 45. Bf3 d5 46. h4 Kd6 47. Kd3 g5 48. hxg5 hxg5 49. Ke3 gxf4+ 50. Kxf4 d4 51. Be2 dxc3 52. Ke3 Ke5 53. Bb5 Bd1 54. Bd7 c2 55. Kd2 Kf4 56. Kc1 Bxg4 0-1

[Event "FRA-ch (Women)"]
[Site "Bescanon"]
[Date "1999.08.25"]
[Round "8"]
[White "Lebel Arias, Julia"]
[Black "Franc, Nathalie"]
[Result "1/2-1/2"]
[WhiteElo "2053"]
[BlackElo "2085"]
[PlyCount "122"]
[EventDate "1999.08.18"]
[EventType "tourn"]
[EventRounds "11"]
[EventCountry "FRA"]
[SourceTitle "CBM 071 Extra"]
[Source "ChessBase"]
[SourceDate "1999.09.14"]
[SourceVersion "1"]
[SourceVersionDate "1999.09.14"]
[SourceQuality "1"]

1. b3 e5 2. Bb2 Nc6 3. e3 Nf6 4. c4 d6 5. Nc3 Bf5 6. d3 Be7 7. a3 a5 8. Be2 h6 9. Qc2 Qd7 10. Nf3 0-0 11. 0-0 Rfe8 12. Rac1 Bf8 13. Nd5 Be7 14. Nd2 Bd8 15. Rfe1 Qe6 16. Nc3 Nd7 17. Nde4 Nf6 18. Bf3 Nxe4 19. Bxe4 Bxe4 20. dxe4 Qg6 21. Nd5 Rc8 22. f4 Nb8 23. f5 Qg5 24. c5 Be7 25. Qc4 Nd7 26. b4 axb4 27. axb4 dxc5 28. Nxe7+ Qxe7 29. bxc5 Nf6 30. c6 bxc6 31. Qxc6 Qb4 32. Bc3 Qxe4 33. Qxe4 Nxe4 34. Bb4 c5 35. Rc2 Rc6 36. Rd1 h5 37. Rd5 Ra6 38. Bc3 Ra3 39. Rxe5 Rxe5 40. Bxe5 Rxe3 41. h3 Kf8 42. Kh2 f6 43. Bf4 Re1 44. Rb2 Rf1 45. g3 Kf7 46. Kg2 Rd1 47. Rb7+ Kf8 48. Rc7 Rd5 49. g4 hxg4 50. hxg4 Rd3 51. Rc6 Kf7 52. Rc7+ Kf8 53. Rc6 Rc3 54. Rc8+ Kf7 55. Rc7+ Kg8 56. Re7 Rc2+ 57. Kf3 Nc3 58. Rd7 c4 59. Rd8+ Kf7 60. Rd7+ Kg8 61. g5 fxg5 1/2-1/2